000 01089pam a2200373 a 4500
999 _c939
_d939
001 015809180
003 Uk
005 20191227101740.0
008 110509s2011 enk j 000 1 eng|d
015 _aGBB159360
_2bnb
016 7 _a015809180
_2Uk
020 _a9781406330335 (pbk.) :
020 _a1406330337 (pbk.) :
040 _aStDuBDS
_beng
_cStDuBDS
_dUk
042 _aukblcatcopy
082 _aFIC CLA
100 1 _aClare, Cassandra.
_eauthor
245 1 0 _aCity of fallen angels /
_cCassandra Clare.
246 _aShadowhunters
260 _aLondon :
_bWalker,
_c2011.
300 _a434 p. ;
_bmap :
_c20 cm.
336 _atext
_2rdacontent
337 _aunmediated
_2rdamedia
338 _avolume
_2rdacarrier
490 0 _aThe mortal instruments ;
_vbk. 4
500 _aFormerly CIP.
_5Uk
650 0 _aFray, Clary (Fictitious character)
_vFiction.
650 0 _aLewis, Simon (Fictitious character)
_vFiction.
650 0 _aDemonology
_vFiction.
650 0 _aSupernatural
_vFiction.
655 0 _aHorror tales.
655 0 _aYoung adult fiction.
942 _2ddc
_cFIC